000 00402cam a2200169ua 4500
020 _c3.000
041 _amal
_h
082 _a494.812
_bBAL/BH
100 _aBalakrishnan, B C .
245 _aBhashavijnanam /
_cB C Balakrishnan.
_hTextual Documents
260 _a :
_bB C Balakrishnan ,
_c1962.
300 _a252 ; .
365 _a3.000
504 _a
942 _cBK
999 _c4832
_d4832